Statistiques concernant Le générique des Simpson (ancienne version)

Cliquez ici pour prendre le quiz!

Statistiques générales

  • Ce quiz a été pris 44 fois
  • Le résultat moyen est 2 sur 8

Statistiques - réponses

QuestionRéponse% Correct
Dans l'orchestre de Lisa, qui est assis au plus proche d'elle ?Sherri et Terri
49%
Dans quel ordre arrivent-ils chez eux ?Homer, Bart, Lisa, Marge
44%
Combien coûte Maggie lors de son passage en caisse ?847,63 $
26%
Dans les premières secondes du générique, quelle structure ne voit-on pas au premier plan ?l'hôpital
26%
Au moment où Bart écrit une punition au tableau, quelle heure est-il sur l'horloge derrière lui ?15:00
23%
Dans le plan rapide juste avant qu'ils n'arrivent tous chez eux, avec qui Milhouse joue-t-il au baseball ?Lewis
21%
Lorsque Bart esquive des gens en skate board sur le trottoir, qui peut-on le voir esquiver ?Apu
15%
Combien de livres sont attachés dans le panier à l'avant du vélo de Lisa ?6
5%

Distribution des résultats

Percentile par nombre de réponses

% des personnes avec chaque résultat

Votre développement - résultats

Vous n’avez pas pris ce quiz